| 000 -CABECERA |
| Longitud fija campo de control |
00672nam a2200253 c 4500 |
| 001 - NÚMERO DE CONTROL |
| Número de control |
a6851657 |
| 003 - IDENTIFICADOR DEL NÚMERO DE CONTROL |
| Identificador del número de control |
OSt |
| 005 - FECHA Y HORA DE LA ÚLTIMA TRANSACCIÓN |
| Fecha y hora de la última transacción |
20210525121042.0 |
| 008 - CÓDIGOS DE INFORMACIÓN DE LONGITUD FIJA |
| Códigos de información de longitud fija |
210427s2021 sp | |||| 000 0 cat |
| 020 ## - NÚMERO INTERNACIONAL NORMALIZADO PARA LIBROS |
| Número Internacional Normalizado para Libros (ISBN) |
9788417804824 |
| 040 ## - FUENTE DE LA CATALOGACIÓN |
| Centro catalogador de origen |
CDMR |
| Lengua de catalogación |
cat |
| Centro transcriptor |
CDMR |
| Normas de descripción |
rda |
| 100 1# - PUNTO DE ACCESO PRINCIPAL-NOMBRE DE PERSONA |
| Nombre de persona |
Soler, Toni |
| Término indicativo de función |
autor |
| Código de función |
aut |
| 245 1# - MENCIÓN DE TÍTULO |
| Título |
El llibre blanc del Polònia |
| 264 #1 - PRODUCCIÓN, PUBLICACIÓN , DISTRIBUCIÓN, FABRICACIÓN Y COPYRIGHT |
| Nombre del productor, editor, distribuidor, fabricante |
Ara Llibres |
| Fecha de de producción, publicación, distribución, fabricación o copyright |
2021 |
| 300 ## - DESCRIPCIÓN FÍSICA |
| Extensión |
237 pàgines |
| 336 ## - TIPO DE CONTENIDO |
| Término de tipo de contenido |
Text |
| Fuente |
rdacontent |
| 337 ## - TIPO DE MEDIO |
| Nombre del tipo de medio |
sense mediació |
| Fuente |
rdamedia |
| 338 ## - TIPO DE SOPORTE |
| Nombre del tipo de soporte |
volum |
| Fuente |
rdacarrier |
| 700 1# - PUNTO DE ACCESO ADICIONAL - NOMBRE DE PERSONA |
| Nombre de persona |
Lucas, Manel, autor |
| Término indicativo de función |
autor |
| Código de función |
aut |
| 700 1# - PUNTO DE ACCESO ADICIONAL - NOMBRE DE PERSONA |
| Nombre de persona |
Novell Clausells, Francesc, autor |
| Término indicativo de función |
autor |
| Código de función |
aut |
| 901 ## - ELEMENTO A DATOS LOCALES, ADL (RLIN) |
| a |
"ISBN" |
| 942 ## - ENTRADA DE ELEMENTOS AGREGADOS (KOHA) |
| Fuente de clasificaión o esquema |
|
| Koha [por defecto] tipo de item |
Monografies |
| 956 ## - LOCALIZACIÓN Y ACCESO ELECTRÓNICO LOCAL (OCLC) |
| Nombre de la fuente |
2 |